Les stations de la ligne 13 du métro parisien - Mort subite - Statistiques

Statistiques générales
  • Ce quiz a été pris 274 fois
  • Le résultat moyen est 8 sur 16
Answers on the Grid
Answers color-coded by a green-red scale on the quiz's grid according to % correct below.
Porte de Saint-Ouen
Porte de Clignancourt
Porte de Clichy
Porte de Champerret
Porte de Vanves
Porte d'Orléans
Place de Clichy
Place des Fêtes
Malakoff - Plateau de Vanves
Vanves - Malakoff
Malakoff - Rue Étienne Dolet
Bagneux - Lucie Aubrac
Châtillon - Montrouge
Mairie de Montrouge
Saint-François-Xavier
Saint-Sébastien-Froissart
Liège
Rome
Mairie de Clichy
Mairie de Gennevilliers
Mairie de Saint-Ouen
Mairie de Saint-Denis
Basilique de Saint-Denis
Église de Pantin
Les Agnettes
Les Grésillons
Varenne
Vaneau
Plaisance
Pyramides
Duroc
Ségur
 
Statistiques - réponses
Réponse % Correct
Duroc
61%
Châtillon - Montrouge
55%
Place de Clichy
53%
Porte de Vanves
53%
Malakoff - Plateau de Vanves
52%
Saint-François-Xavier
51%
Liège
50%
Porte de Clichy
50%
Porte de Saint-Ouen
50%
Plaisance
48%
Basilique de Saint-Denis
47%
Mairie de Clichy
45%
Malakoff - Rue Étienne Dolet
45%
Varenne
45%
Les Agnettes
43%
Mairie de Saint-Ouen
42%
Aucun quiz correspondant
Distribution des résultats
% des personnes avec chaque résultat
Percentile par nombre de réponses
Votre historique - résultats
Vous n’avez pas pris ce quiz